Le età di Lulù /

Gespeichert in:
Bibliographische Detailangaben
1. Verfasser: Grandes, Almudena (Verfasst von)
Weitere Verfasser: Carmignani, Ilide
Format: Buch
Sprache:Italienisch
Veröffentlicht: Parma : U. Guanda, [1990]
Schriftenreihe:Prosa contemporanea
Tags: Tag hinzufügen
Keine Tags, Fügen Sie das erste Tag hinzu!

MARC

LEADER 00000nam a22000007i 4500
001 IT\ICCU\CFI\0198796
003 ItRI
005 20250419120038.0
008 920510s1991 it |||||| ||||| |||||c
020 |a 8877464690 
040 |b ita  |c Arcigay Genova 
041 7 |a ita  |2 ISO-639-2 
082 |a 863.64  |2 12 
100 1 |a Grandes, Almudena  |0 IT\ICCU\CFIV\107216  |4 aut 
240 1 4 |a Las edades de Lulú  |9 Grandes, Almudena 
245 1 3 |a Le età di Lulù /  |c Almudena Grandes ; traduzione di Ilide Carmignani. 
260 |a Parma :  |b U. Guanda,  |c [1990] 
300 |a 240 p. ;  |c 20 cm. 
700 1 |a Carmignani, Ilide  |0 IT\ICCU\CFIV\012537 
830 0 |a Prosa contemporanea  |0 IT\ICCU\CFI\0003884 
942 |2 ddc  |c BK 
952 |0 0  |1 0  |2 ddc  |4 0  |6 863_640000000000000_GRA_ETA  |7 1  |9 3912  |a GE  |b GE  |d 2025-04-19  |l 0  |o 863.64 GRA ETA  |p 1568  |r 2025-04-19 12:04:34  |w 2025-04-19  |x Donazione di Alvaro Bazzano  |y BK  |z Donazione AB 
981 1 |6 z01  |a i   |b xxxe  
982 1 |6 z01  |a n 
999 |c 3042  |d 3042